[Event "Hoogovens-B"]
[Site "Wijk aan Zee"]
[Date "1987.??.??"]
[Round "?"]
[White "Piket, Jeroen"]
[Black "Hartoch, Robert G"]
[Result "1/2-1/2"]
[WhiteElo "2405"]
[BlackElo "2365"]

1.d4 d6 2.e4 g6 3.Nc3 Bg7 4.Be3 Nf6 5.h3 O-O 6.Nf3 Nbd7 7.e5 Ne8 8.Bc4 Nb6
9.Bb3 c6 10.Qd2 Nc7 11.Bh6 dxe5 12.Bxg7 Kxg7 13.Nxe5 Nbd5 14.Ne4 Ne6 15.O-O-O Nf6
16.Rhe1 a5 17.a3 a4 18.Ba2 Qa5 19.Qxa5 Rxa5 20.Bxe6 Bxe6 21.Nc5 Bd5 22.f3 b5
23.Ned7 Nxd7 24.Nxd7 Rd8 25.Nc5 Ra7 26.Kd2 g5 27.Kc3 h5 28.Rd2 Rg8 29.Nd3 e6
30.h4 Kf6 31.Re5 Raa8 32.Kb4 gxh4 33.Nf4 c5+ 34.Kc3 cxd4+ 35.Kxd4 Bxf3  1/2-1/2

[Event "Duncan Lawrie Women-Men"]
[Site "London"]
[Date "1988.10.22"]
[Round "1"]
[White "Lalic, Susan"]
[Black "Dunnington, Angus J"]
[Result "1/2-1/2"]
[WhiteElo "2355"]
[BlackElo "2280"]

1.e4 g6 2.d4 Bg7 3.Nc3 d6 4.Be3 a6 5.Qd2 b5 6.O-O-O Nd7 7.g4 Bb7 8.f3 Rc8
9.h4 c5 10.h5 b4 11.Nb1  1/2-1/2

[Event "Duncan Lawrie Women-Men"]
[Site "London"]
[Date "1988.10.25"]
[Round "4"]
[White "Lalic, Susan"]
[Black "Hennigan, Michael"]
[Result "1-0"]
[WhiteElo "2355"]
[BlackElo "2295"]

1.e4 g6 2.d4 Bg7 3.Nc3 d6 4.Be3 c6 5.Qd2 b5 6.a3 Nd7 7.Nf3 Ngf6 8.Bh6 Bxh6
9.Qxh6 Qa5 10.b4 Qb6 11.Bd3 a5 12.O-O e5 13.dxe5 dxe5 14.Rad1 Ba6 15.h3 O-O-O
16.a4 axb4 17.axb5 cxb5 18.Na2 Bb7 19.Nxb4 Rhe8 20.Ng5 Re7 21.c4 bxc4 22.Rc1 Nc5
23.Rxc4 Rc7 24.Rfc1 Kb8 25.Bf1 Ncxe4 26.Nxe4 Rxc4 27.Rxc4 Nxe4 28.Nd3 Rxd3
29.Bxd3 Qxf2+ 30.Kh2 Qg3+ 31.Kg1 Qe1+ 32.Bf1 Qf2+ 33.Kh2 Qxf1 34.Qf8+ Ka7
35.Ra4+ Kb6 36.Qd8+ Kc5 37.Qc7+ Bc6 38.Rxe4 f6 39.h4 h5 40.Qc8 g5  1-0

[Event "Duncan Lawrie Women-Men"]
[Site "London"]
[Date "1988.10.30"]
[Round "9"]
[White "Jackson, Sheila"]
[Black "Hennigan, Michael"]
[Result "0-1"]
[WhiteElo "2245"]
[BlackElo "2295"]

1.e4 g6 2.d4 Bg7 3.Nc3 d6 4.Nf3 a6 5.a4 Bg4 6.Be2 Nc6 7.Be3 e5 8.dxe5 dxe5
9.Qxd8+ Rxd8 10.Nd5 Rd7 11.c3 Be6 12.Rd1 h6 13.Bc4 Nge7 14.O-O Nc8 15.b4 O-O
16.Bxh6 Bxh6 17.Nf6+ Kg7 18.Nxd7 Bxc4 19.Nxf8 Kxf8 20.Nxe5 Nxe5 21.Rd8+ Ke7
22.Rxc8 Bxf1 23.Kxf1 Kd7 24.Rh8 Bd2 25.Rh3 g5 26.g4 Ke6 27.Ke2 Bf4 28.Rh6+ Ng6
29.f3 Kf6 30.Rh7 Ke7 31.b5 axb5 32.axb5 Kf8 33.Rh3 Nh4 34.Kd3 Ke7 35.e5 Bxe5
36.f4 Bxf4 37.Ke4 Ng6 38.c4 Kd6 39.Rh7 Ne5 40.h4 Nxg4 41.Rxf7 Ke6 42.Rf8 Nf6+
43.Kf3 Bd6 44.Rh8 g4+ 45.Kg2 b6 46.h5 Kf7 47.h6 Kg6 48.Kf2 Bf4 49.Kg2 Bxh6
50.Kg3 Be3 51.Rc8 Kf5 52.Kg2 Bf4 53.Rf8 Bd6 54.Ra8 Nh5 55.Rh8 Nf4+ 56.Kf2 g3+
57.Kf3 g2 58.Rg8 Bc5 59.Rg4 g1=N+  0-1

[Event "Wch U20"]
[Site "Adelaide"]
[Date "1988.??.??"]
[Round "5"]
[White "Schlosser, Michael"]
[Black "Norwood, David"]
[Result "1-0"]
[WhiteElo "2380"]
[BlackElo "2470"]

1.e4 g6 2.d4 Bg7 3.Nc3 d6 4.f4 a6 5.Nf3 b5 6.Bd3 Bb7 7.O-O Nd7 8.e5 Nh6 9.Ne4 O-O
10.c3 Bd5 11.Qe2 c5 12.b3 Rc8 13.Ned2 b4 14.cxb4 cxd4 15.Bxa6 Rb8 16.Bc4 Nb6
17.Bd3 Ng4 18.Bb2 dxe5 19.fxe5 Nd7 20.Bxd4 Rxb4 21.Bc3 Rf4 22.Nc4 Qb8 23.Rae1 Bxf3
24.gxf3 Nh6 25.Bd2 Rd4 26.Be3 Rh4 27.Bf2 Rh5 28.Bg3 Nc5 29.Bb1 Ne6 30.Rd1 Nf5
31.f4 Bh6 32.Be4 Bg7 33.Qf2 Qc8 34.Rd5 Qa6 35.Ra5 Qc8 36.Rd1 Nc5 37.Rxc5 Qb8
38.Rcd5 f6 39.Qb6 Qa8 40.a4 fxe5 41.Nxe5  1-0

[Event "Wch U20"]
[Site "Adelaide"]
[Date "1988.??.??"]
[Round "7"]
[White "Rachels, Stuart"]
[Black "Norwood, David"]
[Result "1-0"]
[WhiteElo "2350"]
[BlackElo "2470"]

1.e4 g6 2.d4 Bg7 3.Nc3 d6 4.f4 Nf6 5.Nf3 c5 6.dxc5 Qa5 7.Bd3 Qxc5 8.Qe2 Bg4
9.Be3 Qa5 10.O-O O-O 11.h3 Bxf3 12.Qxf3 Nc6 13.a3 a6 14.Kh1 Rac8 15.Rab1 Nd7
16.b4 Qd8 17.Ne2 e6 18.Rfd1 Qe7 19.c4 Rfd8 20.Bf2 Qf6 21.Bc2 e5 22.f5 Ne7
23.Bd3 gxf5 24.exf5 b5 25.Ng3 bxc4 26.Nh5 Qg5 27.h4 Qh6 28.Be3 Qxh5 29.Qxh5 Nf6
30.Qe2 cxd3 31.Qxd3 e4 32.Qxa6 Nxf5 33.Bg5 Ra8 34.Qb5 d5 35.Bxf6 Bxf6 36.Rxd5 Rxd5
37.Qxd5 Ng3+ 38.Kh2 Rxa3 39.Rb3 Nf1+ 40.Kg1 Ra1 41.Kf2 Bxh4+ 42.g3 e3+ 43.Ke2 Nxg3+
44.Kxe3 Nf1+ 45.Ke2 Re1+ 46.Kf3 Bf6 47.b5 Re5 48.Qd3 Nh2+ 49.Kg3 Rh5 50.b6 Be5+
51.Kg2 Rg5+ 52.Kf2 Ng4+ 53.Ke2 Rh5 54.Qd8+ Kg7 55.b7 Rh2+ 56.Kd3 Rh3+ 57.Kc4 Rxb3
58.Kxb3 h6 59.b8=Q Bxb8 60.Qxb8 f5 61.Kc4 h5 62.Qd8 Kg6 63.Kd5  1-0

[Event "Akureyri"]
[Site "Akureyri"]
[Date "1988.??.??"]
[Round "?"]
[White "Olafsson, Helgi"]
[Black "Kristjansson, Olafur"]
[Result "1-0"]
[WhiteElo "2510"]
[BlackElo "2225"]

1.e4 d6 2.d4 g6 3.Nc3 Bg7 4.Nf3 c6 5.Be2 Bg4 6.O-O Nf6 7.Be3 O-O 8.Qd2 Qc7
9.h3 Bxf3 10.Bxf3 e5 11.d5 c5 12.Nb5 Qe7 13.a4 a6 14.Na3 Nbd7 15.Bg5 Rfb8
16.a5 Qf8 17.Nc4 b5 18.axb6 Nxb6 19.Na5 h6 20.Be3 Nfd7 21.Be2 f5 22.exf5 gxf5
23.f4 exf4 24.Rxf4 Bxb2 25.Raf1 Qg7 26.Nc6 Bc3 27.Qd3 c4 28.Qxf5 Kh8 29.Rh4 Rf8
30.Qe6 Rxf1+ 31.Bxf1 Nf8 32.Rxh6+ Nh7 33.Bxb6  1-0

[Event "EU-ch U20"]
[Site "Arnhem"]
[Date "1988.??.??"]
[Round "11"]
[White "Manca, Federico"]
[Black "Aschwanden, Franz Beat"]
[Result "1-0"]
[WhiteElo "2325"]
[BlackElo "2205"]

1.e4 g6 2.d4 Bg7 3.Nc3 d6 4.Be3 Nf6 5.f3 O-O 6.Qd2 e5 7.d5 Nh5 8.g4 Nf4 9.Nge2 Nxe2
10.Nxe2 f5 11.gxf5 gxf5 12.O-O-O f4 13.Bf2 Kh8 14.Ng1 Bf6 15.Bh3 Rg8 16.Bxc8 Qxc8
17.h4 Rg2 18.Nh3 Bxh4 19.Nxf4 Rxf2 20.Ng6+ Kg7 21.Qe3 hxg6 22.Rxh4 Rg2 23.Rdh1 Qg8
24.f4 g5 25.fxg5 Na6 26.Qh3 Rxg5 27.Rh7+  1-0

[Event "NOR-ch"]
[Site "Asker"]
[Date "1988.??.??"]
[Round "3"]
[White "Djurhuus, Rune"]
[Black "Gausel, Einar"]
[Result "1-0"]
[WhiteElo "2305"]
[BlackElo "2410"]

1.e4 g6 2.d4 Bg7 3.Nc3 d6 4.f4 c6 5.Nf3 Bg4 6.Be3 Qb6 7.Qd2 Bxf3 8.gxf3 e6
9.f5 exf5 10.exf5 Ne7 11.fxg6 hxg6 12.O-O-O Nf5 13.Bd3 Nxe3 14.Qxe3+ Kf8
15.Rde1 Qd8 16.h4 Nd7 17.Ne4 Nf6 18.Ng5 Nd5 19.Qd2 Qf6 20.Re4 Bh6 21.Rf1 b5
22.Kb1 a5 23.c3 Rb8 24.Ka1 a4 25.a3 Kg8 26.Rg4 Re8 27.Re4 Kg7 28.Qe1 Qd8
29.Qg3 Bxg5 30.hxg5 Qd7 31.Rxe8 Rxe8 32.Rh1 Rh8 33.Rxh8 Kxh8 34.f4 Qe6 35.f5 gxf5
36.Qh3+ Kg8 37.Bxf5 Qe2 38.Bb1 Qe1 39.Qc8+ Kg7 40.Qxc6 Ne3 41.Qxb5 Qd1 42.Qd3 Qg1
43.Qh7+ Kf8 44.Qh8+ Ke7 45.Qf6+ Ke8 46.Qxd6 Nd1 47.Qb8+ Kd7 48.Qb4 Kc7 49.c4 Qxg5
50.Qxa4 Qd2 51.Qa7+ Kd6 52.c5+ Ke6 53.Ba2+ Kf6 54.Qxf7+ Kg5 55.Qg7+ Kh4  1-0

[Event "Augsburg"]
[Site "Augsburg"]
[Date "1988.??.??"]
[Round "?"]
[White "Roeder, Frank"]
[Black "Hertneck, Gerald"]
[Result "1-0"]
[WhiteElo "2365"]
[BlackElo "2435"]

1.e4 g6 2.d4 Bg7 3.Nc3 d6 4.Be3 c6 5.g3 Nf6 6.h3 Nbd7 7.Bg2 O-O 8.Nge2 b5
9.a3 Bb7 10.O-O Re8 11.f4 e5 12.dxe5 dxe5 13.f5 Nb6 14.b3 Qxd1 15.Raxd1 Nfd7
16.a4 b4 17.a5 bxc3 18.axb6 Nxb6 19.Nxc3 Bf8 20.Ra1 Bb4 21.Na4 Nd7 22.Rad1 Bc8
23.h4 Be7 24.g4 Bxh4 25.Rd6 c5 26.g5 Bg3 27.Bh3 Nf8 28.Nxc5 gxf5 29.exf5 e4
30.Rd4 Be5 31.Rxe4 Bd7 32.Nxd7 Nxd7 33.Kg2 f6 34.Rd1 Re7 35.Bd4 Rg7 36.Kf1 Rxg5
37.Be3 Rg7 38.Bg2 Rc8 39.Rb4 Rxc2 40.Bd5+ Kh8 41.Be6 Rg3 42.Rxd7 Rf3+ 43.Ke1 Rxe3+
44.Kd1 Rc8 45.Rh4 Re1+ 46.Kxe1 Bg3+ 47.Kd1 Bxh4 48.Rd4  1-0

[Event "Bad Woerishofen op"]
[Site "Bad Woerishofen"]
[Date "1988.??.??"]
[Round "3"]
[White "Zimmermann, Frank"]
[Black "Smejkal, Jan"]
[Result "0-1"]
[WhiteElo "2250"]
[BlackElo "2515"]

1.e4 g6 2.d4 Bg7 3.Nc3 d6 4.Nf3 Nf6 5.h3 O-O 6.Be2 c6 7.a4 a5 8.O-O Na6 9.Be3 Nb4
10.Qd2 Qc7 11.Bh6 e5 12.Bxg7 Kxg7 13.Ne1 Qb6 14.Rd1 exd4 15.Qxd4 Qxd4 16.Rxd4 Re8
17.f4 d5 18.exd5 Nfxd5 19.Nxd5 Nxd5 20.Bf3 Ne3 21.Rf2 Bf5 22.Nd3 Rad8 23.Rxd8 Rxd8
24.Nc5 b6 25.Nb7 Rd7 26.g4 Bxc2 27.Bxc6 Rd1+ 28.Kh2 Bb3 29.f5 gxf5 30.gxf5 Kf6
31.Rf3 Bd5 32.Bxd5 Nxd5 33.b3 Nb4 34.Rc3 Rd7  0-1

[Event "Baden-Baden"]
[Site "Baden-Baden"]
[Date "1988.??.??"]
[Round "?"]
[White "Pirrot, Dieter"]
[Black "Tseshkovsky, Vitaly"]
[Result "1/2-1/2"]
[WhiteElo "2380"]
[BlackElo "2505"]

1.e4 g6 2.d4 Bg7 3.Nc3 d6 4.Nf3 Nf6 5.h3 O-O 6.Be3 c6 7.a4 Nbd7 8.a5 e5 9.dxe5 dxe5
10.Qd6 Re8 11.Bc4 Bf8 12.Qd3 Qc7 13.Ng5 Re7 14.O-O h6 15.Nf3 Nh5 16.Rfe1 Kh7
17.g3 Ndf6 18.Bc5 Re8 19.Bxf8 Rxf8 20.Kh2 Rd8 21.Qe3 Bg4 22.Ng1 Qe7 23.Kg2 Be6
24.Bxe6 Qxe6 25.Qc5 Nd7 26.Qb4 b5 27.Rad1 a6 28.Qd6 Ng7 29.Nf3 Rac8 30.Rd2 Qe8
31.Red1 f6 32.Qd3 Ne6 33.Qe3 Nb8 34.Qa7+ Kg8 35.Nh4 Rxd2 36.Rxd2 Nd4 37.Nd1 Qf7
38.Qb6 Kg7 39.c3 Ne6 40.Ne3 Qc7  1/2-1/2

[Event "Badenweiler op"]
[Site "Badenweiler"]
[Date "1988.??.??"]
[Round "5"]
[White "Haberer, Michael"]
[Black "Radulov, Ivan"]
[Result "1/2-1/2"]
[WhiteElo "2220"]
[BlackElo "2435"]

1.d4 d6 2.e4 g6 3.Nc3 Bg7 4.Be2 c6 5.Nf3 b5 6.a3 a6 7.O-O Nd7 8.Be3 Qc7 9.Qd2 Ngf6
10.h3 O-O 11.Ne1 Bb7 12.f4 c5 13.Bf3 b4 14.Nd5 Nxd5 15.exd5 bxa3 16.Rxa3 c4
17.g4 Qb6 18.b4 Rfc8 19.c3 a5 20.Nc2 a4 21.b5 Qxb5 22.Nb4 Nb6 23.Qg2 Ra5
24.Rb1 Bxd5 25.Bxd5 Nxd5 26.Qxd5 Qxd5 27.Nxd5 Rxd5 28.Rxa4 h5 29.Rbb4 hxg4
30.hxg4 e5 31.Rxc4 Re8 32.Kf2 exd4 33.Bxd4 Bxd4+ 34.Rxd4  1/2-1/2

[Event "Balatonbereny op"]
[Site "Balatonbereny"]
[Date "1988.??.??"]
[Round "2"]
[White "Varga, Zoltan"]
[Black "Dorfman, Josif D"]
[Result "0-1"]
[WhiteElo "2350"]
[BlackElo "2520"]

1.e4 g6 2.d4 Bg7 3.Nc3 d6 4.Bg5 c6 5.Qd2 b5 6.h3 Nd7 7.Nf3 Bb7 8.Bd3 a6 9.a4 b4
10.Ne2 c5 11.O-O Qc7 12.c3 c4 13.Bb1 Ngf6 14.Ng3 b3 15.a5 e6 16.Bf4 Qc6 17.e5 dxe5
18.dxe5 Nd5 19.Bh6 Bxe5 20.Nxe5 Nxe5 21.Bg7 O-O-O 22.Be4 Qc7 23.Bxh8 Rxh8
24.Qd4 Rd8 25.Rfe1 Kb8 26.Rad1 Rd7 27.Bb1 Nf4 28.Qxf4 Rxd1 29.Rxd1 Nf3+ 30.Qxf3 Bxf3
31.gxf3 f5 32.Nf1 Qxa5 33.Ne3 Qa4 34.f4 a5 35.Kg2 Qc6+ 36.f3 Qc5 37.Kf2 g5
38.Rd4 gxf4 39.Rxf4 Qd6 40.Kg3 Qd2 41.Nxc4 Qe1+  0-1

[Event "GMA-Open"]
[Site "Belgrade"]
[Date "1988.??.??"]
[Round "?"]
[White "Janjgava, Lasha"]
[Black "Todorcevic, Miodrag"]
[Result "1-0"]
[WhiteElo "2470"]
[BlackElo "2525"]

1.d4 g6 2.e4 Bg7 3.Nc3 d6 4.g3 Nc6 5.Be3 e5 6.dxe5 Nxe5 7.h3 Nf6 8.f4 Ned7
9.Bg2 O-O 10.Nge2 Re8 11.Bf2 a6 12.O-O Rb8 13.Ba7 Ra8 14.Bf2 Nf8 15.Re1 Bd7
16.a4 h5 17.a5 N8h7 18.Nd4 Nf8 19.Kh2 c5 20.Nf3 Bc6 21.Nd2 Qc7 22.Nc4 Rad8
23.Nb6 h4 24.gxh4 Ne6 25.Bg3 Nh5 26.Ncd5 Bxd5 27.Nxd5 Qd7 28.c3 Nc7 29.Bf3 Nxd5
30.Qxd5 Nxg3 31.Kxg3 Bf6 32.Rg1 Kh8 33.Ra3 Qe7 34.Rb3 Rd7 35.Kh2 Bxh4 36.Rb6 Bf2
37.Rg4 Be3 38.Kg2 c4 39.Rb4 Rc8 40.Rxc4 Rxc4 41.Qxc4 Ba7 42.Qd5 Rc7 43.h4 Be3
44.Qd3 Ba7 45.Qd2 Qf6 46.h5 gxh5 47.e5 Qf5 48.Rg5 Qb1 49.Qxd6  1-0

[Event "GMA-Open"]
[Site "Belgrade"]
[Date "1988.??.??"]
[Round "?"]
[White "Gruenfeld, Yehuda"]
[Black "Kosanski, Stanko"]
[Result "1/2-1/2"]
[WhiteElo "2520"]
[BlackElo "2390"]

1.e4 g6 2.d4 Bg7 3.Nc3 d6 4.f4 Nc6 5.Be3 Nf6 6.h3 e6 7.g4 Ne7 8.Bg2 d5 9.e5 Nd7
10.Nf3 f5 11.exf6 Nxf6 12.Qd3 Qd6 13.O-O-O Bd7 14.Ne5 Rf8 15.Bf2 Nfg8 16.Bg3 Bxe5
17.fxe5 Qb6 18.Bh4 O-O-O 19.Rhf1 a6 20.Bf6 Rde8 21.Bg7 Rxf1 22.Bxf1 Nc6 23.Be2 Re7
24.Bf6 Rf7 25.g5 Nge7 26.Bg4 Na5 27.b3 Qb4 28.Nb1 Nf5 29.a3 Qb6 30.Nc3 Qc6
31.Kb2 b5 32.Ne2 Qb6 33.Qd2 Nb7 34.Nf4 Ng3 35.Qe3 Ne4 36.Bf3 Ng3 37.Qe1 Nf5
38.Qd2 a5 39.b4 axb4 40.axb4 Nd8 41.Bg4 Qc6 42.Ra1 Ne7 43.Nd3 Kb8 44.Nc5 Nb7
45.Nxd7+ Qxd7 46.Qc3 Nc8 47.Qa3 c6 48.Qa8+ Kc7 49.Ra6 Rf8 50.Ra2 Re8 51.Qa3 Nb6
52.Be2 Na4+ 53.Kc1 Qf7 54.Qe3 Qf8 55.c3 Ra8 56.Bg4 Nb6 57.Qe2 Na4 58.Qd3 Ra7
59.Qf3 Qe8 60.h4 Ra8 61.Bg7 Nd8 62.Qf6 Kb7 63.Kc2 Ra7 64.Qf1 Kc8 65.Bf6 Qf7
66.Ra1 Nb6 67.Bxd8 Kxd8 68.Qxf7 Rxf7 69.Ra6 Rf2+ 70.Kd1 Nc4 71.Ke1 Rc2 72.Rxc6 Rxc3
73.Bxe6 Rd3 74.Bxd5 Rxd4 75.Bxc4 bxc4 76.e6 Rxh4 77.b5 Rh1+ 78.Kd2 Rb1 79.b6 Rb3  1/2-1/2

[Event "GMA-Open"]
[Site "Belgrade"]
[Date "1988.??.??"]
[Round "?"]
[White "Ernst, Thomas"]
[Black "Legky, Nikolay A"]
[Result "1-0"]
[WhiteElo "2450"]
[BlackElo "2380"]

1.e4 g6 2.d4 Bg7 3.Nc3 d6 4.Be3 c6 5.Qd2 b5 6.Bd3 Nd7 7.Nf3 Bb7 8.O-O Qc7
9.Rfe1 a6 10.a4 b4 11.Ne2 c5 12.Ng3 e5 13.dxc5 dxc5 14.a5 Ngf6 15.Bc4 O-O
16.Bh6 Rad8 17.Nh4 Nxe4 18.Nxe4 Bxe4 19.Bxg7 Kxg7 20.Rxe4 Nf6 21.Nf5+ Kh8
22.Qh6 Rg8 23.Rh4 e4 24.Qg5  1-0

[Event "GMA-Open"]
[Site "Belgrade"]
[Date "1988.??.??"]
[Round "?"]
[White "Bjelajac, Milan"]
[Black "Strikovic, Aleksa"]
[Result "1/2-1/2"]
[WhiteElo "2370"]
[BlackElo "2460"]

1.e4 g6 2.d4 Bg7 3.Nc3 d6 4.g3 Nf6 5.Bg2 O-O 6.Nge2 e5 7.O-O c6 8.h3 b5 9.dxe5 dxe5
10.Qxd8 Rxd8 11.a3 Nbd7 12.Rd1 Bf8 13.Be3 Re8 14.f4 Bb7 15.f5 a5 16.g4 Nc5
17.Ng3 b4 18.axb4 axb4 19.Nce2 Ba6 20.Kf2 b3 21.Rac1 Red8 22.Rxd8 Rxd8 23.g5 Nfd7
24.Kg1 Rb8 25.Nc3 Nb6 26.Bf1 Bxf1 27.Kxf1 Nc4 28.Nd1 Na4 29.Ba7 Rb7 30.Bf2 Bc5
31.cxb3 Nd2+ 32.Ke2 Nxb3 33.Rc4 Ra7 34.Nc3 Bxf2 35.Kxf2 Nac5 36.Ke3 h6 37.h4 hxg5
38.hxg5 Rd7 39.Rb4 Rd3+ 40.Kf2 Rd2+ 41.Ke3 Rg2 42.Rb8+ Kh7 43.Nce2 Nd4 44.Rf8 Kg7
45.Re8 Nxe2 46.Nxe2 gxf5 47.exf5 Rxg5 48.Rxe5 Nd7 49.Ra5 Kf6  1/2-1/2

[Event "GMA-Open"]
[Site "Belgrade"]
[Date "1988.??.??"]
[Round "?"]
[White "Campora, Daniel H"]
[Black "Rukavina, Josip"]
[Result "1/2-1/2"]
[WhiteElo "2540"]
[BlackElo "2455"]

1.e4 d6 2.d4 g6 3.Nc3 Bg7 4.Bg5 c5 5.dxc5 Qa5 6.Qd2 Qxc5 7.Nd5 Be6 8.Be3 Qc8
9.Bd4 Nf6 10.Nxf6+ exf6 11.Nf3 O-O 12.Bd3 Nc6 13.Bc3 d5 14.O-O Rd8 15.exd5 Bxd5
16.Qf4 Qb8 17.Qg3 Qxg3 18.hxg3 f5 19.Bxg7 Kxg7 20.a3 Be4 21.Rfd1 Bxd3 22.Rxd3 Rxd3
23.cxd3 Rd8 24.Rd1 Kf6 25.Kf1 g5 26.Ne1 Nd4 27.Rc1 Rd6 28.Rc4 Ke5 29.b4 Ra6
30.f4+ gxf4 31.gxf4+ Kd5 32.Kf2 b6 33.Rc7 Ke6 34.Ke3 Nb5 35.Rc6+ Kd7 36.Rf6 Rxa3
37.Rxf7+ Ke6 38.Rxh7 Rb3 39.Rh6+ Ke7 40.Nf3 Rxb4 41.Nh4 Nd4 42.Rh7+ Kf6 43.Rxa7 Nc2+
44.Kf3 Rd4 45.Rh7 Rxd3+ 46.Ke2 Rd5 47.Rh6+ Kf7 48.Rxb6 Nd4+ 49.Ke3 Nc2+ 50.Kf2 Rd2+
51.Kf3 Rd3+ 52.Ke2 Rd5 53.Ng6 Nd4+ 54.Kf2 Ne6 55.Ne5+ Kf6 56.g3 Rd2+ 57.Kf3 Rc2
58.Rd6 Rc3+ 59.Kg2 Rc2+ 60.Kh3 Rc3 61.Nd3 Ke7 62.Rd5 Kf6 63.Kg2 Rc2+ 64.Kf3 Rc3
65.Ke3 Ra3 66.Rd6 Ke7 67.Rc6 Kd7 68.Rc2 Kd6 69.Rc4 Ke7 70.Ke2 Ra2+ 71.Kf1 Ra3
72.Ke2 Ra2+ 73.Ke3 Ra3 74.Kd2 Ra2+ 75.Rc2 Ra3 76.Rc3 Rxc3 77.Kxc3 Ng7 78.Nc1 Nh5
79.Ne2 Ke6 80.Kd4 Kd6 81.Ke3 Kd5 82.Kf3 Ng7 83.Kg2 Ke4 84.Nc3+ Kd4 85.Nd1 Ke4
86.Kf2 Nh5 87.Nc3+ Kd4 88.Nb5+ Kc5 89.Na3 Kd5 90.Kf3 Ng7  1/2-1/2

[Event "Belgrade (Women)"]
[Site "Belgrade"]
[Date "1988.??.??"]
[Round "9"]
[White "Micic, Snezana"]
[Black "Richtrova, Eliska"]
[Result "1/2-1/2"]
[WhiteElo "2080"]
[BlackElo "2375"]

1.e4 g6 2.d4 Bg7 3.Nc3 d6 4.Be3 a6 5.a4 Nf6 6.h3 O-O 7.Nf3 b6 8.Bc4 Bb7 9.e5 Ne4
10.Nxe4 Bxe4 11.Ng5 d5 12.Nxe4 dxc4 13.Nd2 Nc6 14.c3 b5 15.Qf3 Qd7 16.O-O Kh8
17.Bg5 Rab8 18.axb5 axb5 19.Ra6 Nd8 20.Qg4  1/2-1/2

[Event "Biel-B"]
[Site "Biel"]
[Date "1988.??.??"]
[Round "1"]
[White "Zapata, Alonso"]
[Black "Hickl, Joerg"]
[Result "1/2-1/2"]
[WhiteElo "2480"]
[BlackElo "2500"]

1.e4 g6 2.d4 Bg7 3.Nc3 d6 4.Be3 c6 5.Qd2 b5 6.Bd3 Nf6 7.Nf3 Nbd7 8.O-O O-O
9.Bh6 e5 10.Rfe1 Re8 11.a4 b4 12.Ne2 Bxh6 13.Qxh6 Nf8 14.Rad1 Qa5 15.h3 Ba6
16.b3 Bxd3 17.cxd3 N6d7 18.dxe5 Nxe5 19.Ned4 Rac8 20.Qe3 Nfd7 21.Nh2 f6 22.Qg3 Kh8
23.Ne2 Nf7 24.Nf4 Qg5 25.Qe3 Nc5 26.Nf3 Qh6 27.Nd2 Ne6 28.Nxe6 Qxe3 29.Rxe3 Rxe6
30.Rc1 Kg7 31.Nf3 c5 32.Kf1 Rce8 33.Ke2 Ne5 34.Nxe5 fxe5 35.Rf3 Rf6 36.Rxf6 Kxf6
37.h4 g5 38.hxg5+ Kxg5 39.Ke3 Rf8 40.Rh1 h5 41.g3 Kg4 42.Rh4+ Kg5 43.f3 Rf7
44.Rh1 Rf8 45.a5 a6 46.Rg1 Rf6 47.f4+ Kg4 48.f5 Rh6 49.Rh1 Rf6 50.Rh4+ Kg5
51.Kf3 Rf8 52.Rh1 Rb8 53.Ra1 Rd8 54.Rf1 Rf8 55.Rh1  1/2-1/2

[Event "URS-ch otbor56"]
[Site "Blagoveshchensk"]
[Date "1988.??.??"]
[Round "?"]
[White "Novikov, Igor A"]
[Black "Zhuravliov, Valerij"]
[Result "1/2-1/2"]
[WhiteElo "2500"]
[BlackElo "2375"]

1.d4 d6 2.e4 g6 3.Nc3 Bg7 4.Be3 c6 5.a4 Nf6 6.h3 e5 7.dxe5 dxe5 8.Qxd8+ Kxd8
9.Bc4 Ke7 10.Nf3 Nbd7 11.O-O Ne8 12.Rad1 Nc7 13.Ng5 f6 14.Nf7 Rf8 15.Nd6 Ne6
16.Bxe6 Kxe6 17.Rd3 Rd8 18.Rfd1 b6 19.b4 Bf8 20.b5 c5 21.Nc4 Rb8 22.a5 Be7
23.Nd5 Kf7 24.f4 Bb7 25.Nxe7 Kxe7 26.fxe5 Bxe4 27.exf6+ Nxf6 28.Rxd8 Rxd8
29.Re1 Kf7 30.axb6 axb6 31.Bg5 Bxc2 32.Rf1 Rd1 33.Rxd1 Bxd1 34.Bxf6 Kxf6
35.Nxb6 Be2 36.Nd7+ Ke7 37.Nxc5 Bxb5 38.Kf2 Bc6 39.g4 g5 40.Nd3 Kf6 41.Ke3 Bg2
42.Nf2 Ke5 43.Nd3+ Kd6 44.Nf2  1/2-1/2

[Event "Texta"]
[Site "Budapest"]
[Date "1988.??.??"]
[Round "?"]
[White "Klinger, Josef"]
[Black "Davies, Nigel R"]
[Result "0-1"]
[WhiteElo "2475"]
[BlackElo "2475"]

1.e4 d6 2.d4 g6 3.Nc3 Bg7 4.Nge2 Nc6 5.d5 Ne5 6.f4 Nd7 7.Be3 Ngf6 8.Ng3 O-O
9.Be2 c6 10.O-O cxd5 11.exd5 Nc5 12.f5 Qc7 13.Qd2 Bd7 14.a3 Na4 15.Nxa4 Bxa4
16.b4 a6 17.c4 b5 18.fxg6 fxg6 19.c5 dxc5 20.bxc5 Rad8 21.Bf3 Bb3 22.d6 exd6
23.Qb4 Bc4 24.cxd6 Rxd6 25.Bc5 Rdd8 26.Bxf8 Bxf8 27.Qb2 Bc5+ 28.Kh1 Bd4 29.Qc2 Bxa1
30.Rxa1 Qe5 31.Rc1 Qe3 32.Qb2 Qd4 33.Qb1 Qd3 34.Qa1 Qd4 35.Qb1 Ng4 36.Ne4 Ne5
37.Rd1 Nd3 38.h3 Kg7 39.Rd2 Qe5 40.Kg1 Qd4+ 41.Nf2 Re8 42.Qf1 Qc5 43.Rxd3 Bxd3
44.Qxd3 Re1+ 45.Kh2 Qxf2 46.Qc3+ Kh6 47.Qc8 Qd4 48.Qf8+ Kg5  0-1

[Event "Texta"]
[Site "Budapest"]
[Date "1988.??.??"]
[Round "?"]
[White "Hazai, Laszlo"]
[Black "Davies, Nigel R"]
[Result "1/2-1/2"]
[WhiteElo "2435"]
[BlackElo "2475"]

1.e4 d6 2.d4 g6 3.Nc3 Bg7 4.f4 Nf6 5.Nf3 O-O 6.Be3 Na6 7.e5 Ng4 8.Bg1 c5
9.h3 Nh6 10.dxc5 Nxc5 11.Bxc5 dxc5 12.Qxd8 Rxd8 13.g4 b6 14.Bc4 e6 15.Ke2 Bb7
16.Rhd1 Bf8 17.a4 a6 18.Bd3 Kg7 19.Be4 Bxe4 20.Nxe4 Ng8 21.Nfd2 Ne7 22.Nc4 Nd5
23.Kf3 Be7 24.b3 f6 25.exf6+ Bxf6 26.Nxf6 Kxf6 27.Rd2 b5 28.axb5 axb5 29.Rxa8 Rxa8
30.Ne3 Nxe3 31.Kxe3  1/2-1/2

[Event "BUL-ch"]
[Site "BUL"]
[Date "1988.??.??"]
[Round "?"]
[White "Inkiov, Ventzislav"]
[Black "Radulov, Ivan"]
[Result "1/2-1/2"]
[WhiteElo "2490"]
[BlackElo "2435"]

1.d4 d6 2.e4 g6 3.Nc3 Bg7 4.Be3 c6 5.Qd2 b5 6.h4 Nf6 7.f3 h5 8.O-O-O a5 9.Kb1 d5
10.exd5 b4 11.Na4 Nxd5 12.Bc4 Be6 13.Bxd5 Bxd5 14.Ne2 Nd7 15.Nf4 Nb6 16.Nxb6 Qxb6
17.Qe2  1/2-1/2

[Event "Calcutta"]
[Site "Calcutta"]
[Date "1988.??.??"]
[Round "?"]
[White "Mithrakanth, Poorna Sharma"]
[Black "Rogers, Ian"]
[Result "1-0"]
[WhiteElo "2320"]
[BlackElo "2520"]

1.e4 g6 2.d4 Bg7 3.Nc3 d6 4.Nf3 Bg4 5.Be2 Nc6 6.Be3 e5 7.d5 Bxf3 8.Bxf3 Nd4
9.Bxd4 exd4 10.Ne2 c5 11.dxc6 bxc6 12.Nxd4 Qb6 13.c3 Ne7 14.Qd2 Rb8 15.Rb1 Qa6
16.a3 c5 17.Be2 Qa5 18.b4 cxd4 19.bxa5 Rxb1+ 20.Bd1 dxc3 21.Qd3 Rc1 22.O-O O-O
23.Qxd6 Nc8 24.Qc7 Ra1 25.Bg4 Rxa3 26.Bxc8 c2 27.e5 Bxe5 28.Qxc2 Rc3 29.Qe4 Bc7
30.Bb7 Bxa5 31.h4 Bb6 32.h5 Rg3 33.Qe5 Rg4 34.Bf3 Rb4 35.Rd1  1-0

[Event "Cannes op"]
[Site "Cannes"]
[Date "1988.??.??"]
[Round "?"]
[White "Bricard, Emmanuel"]
[Black "Kljako, Damir"]
[Result "0-1"]
[WhiteElo "2365"]
[BlackElo "2270"]

1.e4 d6 2.d4 g6 3.Nc3 Bg7 4.Nge2 c6 5.a4 a5 6.g3 h5 7.h3 Nd7 8.Bg2 e6 9.b3 Ne7
10.Ba3 d5 11.O-O O-O 12.Qd2 b6 13.Rfe1 Re8 14.Rad1 Ba6 15.Bd6 Rc8 16.Bf4 Kh7
17.Bg5 Qc7 18.Nf4 Ng8 19.e5 c5 20.Ncxd5 exd5 21.Nxd5 Qa7 22.Qf4 Nf8 23.Nf6+ Bxf6
24.exf6 Ne6 25.Rxe6 Rxe6 26.d5 Re2 27.Bf3 Rce8 28.Bxh5 R2e4  0-1

[Event "COL-ch"]
[Site "?"]
[Date "1988.??.??"]
[Round "8"]
[White "Cuartas, Carlos"]
[Black "Gonzales, Jorge A"]
[Result "0-1"]
[WhiteElo "2360"]
[BlackElo "2375"]

1.e4 g6 2.d4 Bg7 3.Nc3 d6 4.f4 c6 5.Be3 Nf6 6.Nf3 O-O 7.Bd3 b5 8.e5 Nd5 9.Nxd5 cxd5
10.O-O a6 11.Qe1 Nc6 12.a3 dxe5 13.fxe5 f5 14.Qg3 Qe8 15.h4 h6 16.Kh1 e6
17.Ng1 Kh8 18.Nh3 Rg8 19.Qf2 Ra7 20.Qd2 Qd8 21.g3 Bf8 22.Rf2 Rh7 23.Rh2 Bb7
24.Kg1 Qb6 25.Qf2 b4 26.a4 b3 27.c3 a5 28.Nf4 Ne7 29.Rc1 Ba6 30.Qe2 Bxd3
31.Qxd3 g5 32.hxg5 hxg5 33.Rxh7+ Kxh7 34.Nh5 Kg6 35.g4 Bh6 36.Rf1 Qc6 37.Nf6 Rh8
38.Qd1 Bg7 39.gxf5+ exf5 40.Rf2 Bxf6 41.exf6 Kxf6 42.Qf3 Qd6 43.Qg4 Ke6 44.Qe2 Kf6
45.Rg2 f4 46.Bd2 Rg8 47.Qh5 Nf5 48.Qg4 Rg7 49.Re2 Qd7 50.Re5 Nh6 51.Qf3 Qg4+
52.Qxg4 Nxg4 53.Rxd5 Rh7 54.Rd6+ Ke7 55.Rd5 f3 56.Rf5 f2+ 57.Kg2 Ke6 58.Rf8 Rh2+
59.Kf1 Rh1+ 60.Ke2 Rb1 61.c4 Rxb2 62.d5+ Ke7 63.Rf5 Rxd2+  0-1

[Event "Copenhagen AS04"]
[Site "Copenhagen"]
[Date "1988.??.??"]
[Round "?"]
[White "Hansen, Lars Bo"]
[Black "Karlsson, Lars"]
[Result "0-1"]
[WhiteElo "2455"]
[BlackElo "2520"]

1.d4 g6 2.e4 Bg7 3.Nc3 d6 4.Be3 a6 5.g3 b5 6.a3 Bb7 7.Bg2 Nd7 8.Nge2 Ngf6
9.O-O Ng4 10.Bg5 h6 11.Bc1 c5 12.h3 cxd4 13.Nxd4 Nge5 14.b3 Rc8 15.Bb2 O-O
16.Qd2 Nb6 17.Rad1 e6 18.Nde2 Qc7 19.Qxd6 Qxd6 20.Rxd6 Nbc4 21.bxc4 Nxc4
22.Rd7 Nxb2 23.Rxb7 Bxc3 24.Rb6 Rfd8 25.Rxa6 Rd2 26.Nxc3 Rxc3 27.Rb6 Rc5
28.e5 Rdxc2 29.Rb1 Rxe5 30.Bf1 Nc4 31.R6xb5 Nxa3 32.Rb8+ Kg7 33.Ra1 Nc4 34.Rc8 Ne3
35.Rxc2 Nxc2 36.Rc1 Nd4 37.h4 Ra5 38.Rc7 Ra2 39.Kg2 Kf6 40.Rd7 Nf5 41.Kg1 h5
42.Rd3 Rb2 43.Ra3 Nd4 44.Rd3 e5 45.Bg2 Ke6 46.Ra3 Rb6 47.Bf1 f5 48.Bc4+ Kf6
49.Kg2 e4 50.Ra8 Nf3 51.Rf8+ Ke5 52.Bf7 Ne1+ 53.Kg1 Nf3+ 54.Kg2 Ne1+ 55.Kg1 Nd3
56.Rg8 Rb1+ 57.Kg2 f4 58.gxf4+ Nxf4+ 59.Kh2 Rf1 60.Be8 Kf5 61.Bb5  0-1

[Event "Copenhagen op"]
[Site "Copenhagen"]
[Date "1988.??.??"]
[Round "?"]
[White "Jadoul, Michel"]
[Black "Davies, Nigel R"]
[Result "1/2-1/2"]
[WhiteElo "2400"]
[BlackElo "2465"]

1.e4 g6 2.d4 d6 3.Nc3 Bg7 4.Nf3 Nf6 5.h3 O-O 6.Be3 c6 7.a4 d5 8.e5 Ne4 9.Nxe4 dxe4
10.Ng5 c5 11.dxc5 Qc7 12.Bc4 Nc6 13.Nxe4 Qxe5 14.Nc3 Nd4 15.O-O Nf5 16.Bd2 Qxc5  1/2-1/2